MARC

LEADER 00000nam0a2200000 4500
001 370035
005 20231102012236.0
035 |a (RuTPU)RU\TPU\retro\27443 
035 |a RU\TPU\book\31529 
090 |a 370035 
100 |a 20220616d1954 km y0rusy50 ca 
101 0 |a rus 
102 |a RU 
105 |a a j 000zy 
200 1 |a Избранные задачи и теоремы элементарной математики  |h Ч. 1  |i Арифметика и алгебра  |f Д. О Шклярский, Н. Н Ченцов, И. М. Яглом 
205 |a 2-е изд., перераб. и доп. 
210 |a Москва  |c Гостехиздат  |d 1954 
215 |a 455 с.  |c ил. 
225 1 |a Библиотека математического кружка  |v Вып. 1 
606 1 |a Арифметика  |2 stltpush  |3 (RuTPU)RU\TPU\subj\29345  |9 52697 
606 1 |a Алгебра  |2 stltpush  |3 (RuTPU)RU\TPU\subj\1723  |9 30429 
610 1 |a математика 
610 1 |a задачи 
610 1 |a теоремы 
610 1 |a цифры 
610 1 |a перестановки 
610 1 |a числа 
610 1 |a делимость 
610 1 |a уравнения 
610 1 |a суммы 
610 1 |a произведения 
610 1 |a многочлены 
610 1 |a комплексные числа 
610 1 |a теория чисел 
610 1 |a неравенства 
610 1 |a ряды 
675 |a 511.1  |v 3 
675 |a 512  |v 3 
700 1 |a Шклярский  |b Д. О 
701 1 |a Ченцов  |b Н. Н 
701 1 |a Яглом  |b И. М.  |c советский математик  |f 1921-1988  |g Исаак Моисеевич  |2 stltpush  |3 (RuTPU)RU\TPU\pers\23673  |9 10354 
801 0 |a RU  |b 63413507  |c 20011209  |g PSBO 
801 1 |a RU  |b 63413507  |c 20220616 
801 2 |a RU  |b 63413507  |c 20220616  |g RCR 
942 |c BK